000
00350nam a2200133Ia 4500
008
100328s9999 xx 000 0 und d
082
_b
51908
100
_a
हेगशेटये अभिजित
245
_a
टकराव
260
_b
गं्रथाली
630
_a
टकराव
730
_a
टकराव
942
_c
BOOK
999
_c
538803
_d
538800